1007 1950 1210 1127 1260 1382 1176 1695 1333 1698 1007 1244 1511 1975 1219 1995 1960 1578 1165 1716 1492 1915 1442 1010 1157 1229 1828 1267 1056 1996 1349 1503 1936 1478 1787 1527 1291 1948 1051 1509 1665 1374 1211 1833 1883 1544 1819 1540 1127 1855 1212 1193 1823 1236 1097 1082 1483 1255 1097 1963 1916 1210 1553 1488 1768 1595 1724 1483 1929 1420 1465 1789 1960 1643 1131 1036 1110 1781 1997 1344 1612 1745 1728 1883 1948 1683 1807 1361 1515 1823 1608 1694 1105 1382 1744 1867 1667 1691 1839 BCNSPRNW ULIB Ver.6.0+V

เปลี่ยนเป็นภาษาไทย

Change to English
 แสดงรายละเอียดบรรณานุกรม
  กลับหน้าหลัก

Brief Record : Get Marc (ISO 2709) : E-mail record : QR code < ปิดหน้าต่าง
LEADER : 00000nam 2200000uu 4500
001    13399125978
003     ULIB
008    020711s2560 th a 000 0 tha d
020    ^a9786169227892
050    ^aLA1221^bม-ข
110    ^aมูลนิธิพัฒนจาการศึกษาบุคลากรสุขภาพแห่งชาติ(ศสช.)
245    ^aข้อเสนอแนะการพัฒนาการจัดการศึกษาวิชาชีพสุขภาพเฉพาะประเด็นเพื่อปฏิรูปสถาบันการศึกษาและการเรียนการสอน
260    ^aนนทบุรี :^bเดอะกราฟิโกซิสเต็มส์ จำกัด,^c2560
300    ^a48 หน้า;^c16 ซม.
650    ^aการศึกษา-สุขภาพ
945    ^p0^l0^i003409
999    ^aประนอม เกษจรัล
รายการนี้ยังไม่มีแท็ก
คุณยังไม่ได้ล็อกอิน คุณสามารถมีกิจกรรมร่วมกับเว็บไซต์ได้ แต่ต้องล็อกอินก่อน ::
  ล็อกอิน

รายการสื่อสารสนเทศ

ลำดับที่ ประเภท เลขเรียก/บาร์โค้ด สถานที่ สถานะ
1. การศึกษาทั่วไป
การศึกษาทั่วไป
LA1221 ม-ข ฉ.1 
  Barcode: 003409
ห้องสมุดวิทยาเขตสวรรค์ประชารักษ์
►หนังสือทั่วไป
บนชั้น

BibComment


ยังไม่เคยถูกคอมเมนท์

คอมเมนท์ทรัพยากรรายการนี้
  คอมเมนท์: ข้อเสนอแนะการพัฒ..


 Copyright 2026. Bcnsprnw @Library